|
|
|
|
| LEADER |
02264nas a2200517 a 4500 |
| 001 |
c000188536 |
| 003 |
CARM |
| 005 |
20051128140310.0 |
| 008 |
750702d19691998nbuar1 0 a0eng u |
| 010 |
|
|
|a 79642505
|z sc 79002587
|
| 019 |
1 |
|
|a 1480384
|5 LACONCORD2021
|
| 022 |
0 |
|
|a 0077-6343
|
| 030 |
|
|
|a PNBAAP
|
| 035 |
|
|
|a (OCoLC)1427232
|5 LACONCORD2021
|
| 040 |
|
|
|a LC
|b eng
|c LC
|d LC
|
| 042 |
|
|
|a lc
|a nsdp
|
| 050 |
0 |
0 |
|a Q11
|b .N2975
|
| 070 |
0 |
|
|a 500
|b N27P
|
| 072 |
|
0 |
|a X300
|
| 082 |
0 |
4 |
|a 505
|
| 082 |
0 |
4 |
|a 505
|
| 110 |
2 |
|
|a Nebraska Academy of Sciences.
|
| 210 |
0 |
|
|a Proc. Neb. Acad. Sci. affil. soc
|
| 222 |
|
0 |
|a Proceedings - Nebraska Academy of Sciences and affiliated societies
|
| 245 |
0 |
0 |
|a Proceedings - The Nebraska Academy of Sciences and affiliated societies.
|
| 247 |
0 |
1 |
|a Proceedings - Nebraska Academy. Sciences and affiliated societies
|f <85th->
|
| 247 |
0 |
1 |
|a Proceedings of the Nebraska Academy of Sciences and affiliated societies
|f <79th->
|
| 260 |
|
|
|a Lincoln, :
|b Nebraska Academy of Sciences.
|
| 300 |
|
|
|a v. ;
|c 24 cm.
|
| 362 |
0 |
|
|a 79th- 1969-
|
| 500 |
|
|
|a Title varies slightly.
|
| 500 |
|
|
|a "Abstracts of papers presented at the annual meeting".
|
| 510 |
2 |
|
|a Biological abstracts
|x 0006-3169
|
| 510 |
2 |
|
|a Bibliography of agriculture
|x 0006-1530
|
| 515 |
|
|
|a 95th-108th also called 105th-118th anniversary year.
|
| 550 |
|
|
|a Including the NATS & TER-QUA Divisions and affiliated societies, <-1998>
|
| 650 |
|
0 |
|a Science
|v Congresses.
|
| 780 |
0 |
0 |
|t Proceedings of the annual meeting - Nebraska Academy of Sciences and affiliated societies
|x 0191-2755
|
| 785 |
0 |
0 |
|a Nebraska Academy of Sciences. Meeting.
|t Program and proceedings
|w (DLC)sn 99015277
|w (OCoLC)41249965
|
| 852 |
8 |
|
|b CARM
|h A2:AP31B0
|i C07831
|p 0265090
|f SE
|
| 852 |
8 |
|
|b CARM
|h A2:AP25B0
|i C07846
|p 0266071
|f SE
|
| 866 |
|
0 |
|a 80(1970)-118(1998) Inc.
|
| 866 |
|
0 |
|a 80(1970)-118(1998) Inc.
|
| 999 |
f |
f |
|i 11c91338-ad33-54a0-9b09-4aa31f54f5e3
|s 35b4c54c-8fb0-5c6e-a213-735dd3e11286
|
| 952 |
f |
f |
|p Can circulate
|a CAVAL
|b CAVAL
|c CAVAL
|d CARM 1 Store
|e C07831
|f A2:AP31B0
|h Other scheme
|i book
|k 80(1970)-88(1978);90(1980)-94(1984)
|m 0265090
|
| 952 |
f |
f |
|p Can circulate
|a CAVAL
|b CAVAL
|c CAVAL
|d CARM 1 Store
|e C07846
|f A2:AP25B0
|h Other scheme
|i book
|k 95(1985)-118(1998)
|m 0266071
|